| 000 | 00760nam a2200265 a 4500 | ||
|---|---|---|---|
| 008 | |||
| 020 | _a0131816454 (cased) | ||
| 049 | _aMAIN | ||
| 090 | _aQA184 | ||
| 100 | 1 | _aWilliamson, Richard E. | |
| 245 | 1 | 0 |
_aMultivariable mathematics / _cRichard E. Williamson, Hale F. Trotter. |
| 250 | _a3rd ed. | ||
| 260 |
_aUpper Saddle River, N.J. : _bPrentice Hall, _cc1996. |
||
| 300 |
_axv, 732 p. : _bill. ; _c25 cm. |
||
| 500 | _aIncludes index. | ||
| 650 | 0 | _aAlgebras, Linear. | |
| 650 | 0 | _aDifferential equations. | |
| 650 | 0 | _aCalculus. | |
| 700 | 1 | _aTrotter, Hale F. | |
| 907 |
_a.b10000355 _b03-12-03 _c17-04-03 |
||
| 003 | |||
| 005 | 20230123133504.0 | ||
| 040 | _cNUST | ||
| 942 |
_cBOOKS _kQA184 |
||
| 999 |
_c149452 _d149452 |
||